Reflexiones sobre vida después de la vida (Record no. 23841)

MARC details
000 -LEADER
campo de control de longitud fija 00995nac a2200253 a 4500
003 - IDENTIFICADOR DE NÚMERO DE CONTROL
campo de control Co-PeBPM
005 - FECHA Y HORA DE LA ÚLTIMA TRANSACCIÓN
campo de control 20250806235910.0
008 - DATOS DE LONGITUD FIJA--INFORMACIÓN GENERAL
campo de control de longitud fija 231129s1978||||xx |||||||||||||| ||spa||
020 ## - NÚMERO INTERNACIONAL ESTÁNDAR DEL LIBRO
Número Internacional Estándar del Libro 84-7166-584-0
040 ## - FUENTE DE CATALOGACIÓN
Lengua de catalogación spa
Centro catalogador/agencia de origen Co-PeBPM
Centro/agencia transcriptor Co-PeBPM
Normas de descripción rda
082 ## - NÚMERO DE LA CLASIFICACIÓN DECIMAL DEWEY
Número de clasificación 236.2 M817r
100 ## - ENTRADA PRINCIPAL--NOMBRE DE PERSONA
Nombre de persona Moody, Raymond A.
245 #0 - MENCIÓN DEL TÍTULO
Título Reflexiones sobre vida después de la vida
260 ## - PUBLICACIÓN, DISTRIBUCIÓN, ETC.
Fecha de publicación, distribución, etc. 1978
Lugar de publicación, distribución, etc. Madrid España
264 ## - PRODUCCIÓN, PUBLICACIÓN, DISTRIBUCIÓN, FABRICACIÓN Y COPYRIGHT
Producción, publicación, distribución, fabricación y copyright Edaf, Madrid España; 1978
300 ## - DESCRIPCIÓN FÍSICA
Extensión 166 páginas;
Dimensiones 22 cms
500 ## - NOTA GENERAL
Nota general Incluye contenido y bibliografía
520 ## - RESUMEN, ETC.
Sumario, etc. Aparecen en este volumen por primera vez elementos que no figuraban en "Vida después de la vida". Según van aumentando las evidencias de la existencia de otra vida, el doctor Moody nos acerca un poco más a la develación del mayor misterio de la humanidad.
650 14 - PUNTO DE ACCESO ADICIONAL DE MATERIA--TÉRMINO DE MATERIA
Fuente del encabezamiento o término LEMB
Término de materia o nombre geográfico como elemento de entrada Vida
650 14 - PUNTO DE ACCESO ADICIONAL DE MATERIA--TÉRMINO DE MATERIA
Fuente del encabezamiento o término LEMB
Término de materia o nombre geográfico como elemento de entrada Testimonios
650 14 - PUNTO DE ACCESO ADICIONAL DE MATERIA--TÉRMINO DE MATERIA
Fuente del encabezamiento o término LEMB
Término de materia o nombre geográfico como elemento de entrada Muerte
700 ## - ENTRADA AGREGADA--NOMBRE PERSONAL
Nombre de persona Andrés Linares
Término indicativo de función/relación Traductor
942 ## - ELEMENTOS DE ENTRADA SECUNDARIOS (KOHA)
Fuente del sistema de clasificación o colocación Clasificación Decimal Dewey
Tipo de ítem Koha Libros
Suprimir en OPAC No
Holdings
Estatus retirado Estado de pérdida Fuente del sistema de clasificación o colocación Estado de daño No para préstamo Colección Biblioteca de origen Biblioteca actual Ubicación en estantería Fecha de adquisición Fuente de adquisición Total de préstamos Signatura topográfica completa Código de barras Visto por última vez Copia número Precio de reemplazo Tipo de ítem Koha
    Clasificación Decimal Dewey     General BIBLIOTECA PÚBLICA MUNICIPAL RAMON CORREA MEJIA BIBLIOTECA PÚBLICA MUNICIPAL RAMON CORREA MEJIA Colección general 03/05/2010 Donación   236.2 M817r 06561 29/11/2023 Ej. 1 29/11/2023 Libros
    Clasificación Decimal Dewey     General BIBLIOTECA PÚBLICA MUNICIPAL RAMON CORREA MEJIA BIBLIOTECA PÚBLICA MUNICIPAL RAMON CORREA MEJIA Colección general 15/09/2010 Donación   236.2 M817r 06560 29/11/2023 Ej. 2 29/11/2023 Libros

Powered by Koha